Statistics for Name the Longest Country Borders.

Click here to take the quiz!

General Stats

  • This quiz has been taken 17 times
  • The average score is 7 of 10

Answer Stats

kmmiAnswer% Correct
64,1332,568China Russia
88%
36,6914,158Argentina Chile
76%
18,8935,526Canada USA
76%
44,6302,877China Mongolia
76%
27,6444,750Kazakhstan Russia
76%
93,1901,982India Pakistan
71%
73,4522,145Mongolia Russia
71%
103,1551,960Mexico USA
53%
83,4032,114Bolivia Brazil
35%
54,1422,574Bangladesh India
29%

Score Distribution

Percentile by Number Answered

Percent of People with Each Score

Your Score History

You have not taken this quiz